Facultad de Filosofía y Letras (Record no. 114838)

MARC details
000 -LEADER
campo de control de longitud fija 00457nam a2200145 i 4500
001 - NÚMERO DE CONTROL
campo de control 114838
003 - IDENTIFICADOR DE NÚMERO DE CONTROL
campo de control ES-MaACL
007 - CAMPO FIJO DE DESCRIPCIÓN FÍSICA--INFORMACIÓN GENERAL
campo de control de longitud fija t|
008 - DATOS DE LONGITUD FIJA--INFORMACIÓN GENERAL
campo de control de longitud fija 070403s1924 ag ||||1| spa d
100 1# - ENTRADA PRINCIPAL--NOMBRE DE PERSONA
Nombre de persona Rojas, Ricardo.
9 (RLIN) 99058
245 10 - MENCIÓN DEL TÍTULO
Título Facultad de Filosofía y Letras
Resto del título : documentos del decanato (1921-1924) /
Mención de responsabilidad, etc. Ricardo Rojas.
260 ## - PUBLICACIÓN, DISTRIBUCIÓN, ETC.
Lugar de publicación, distribución, etc. Buenos Aires :
Nombre del editor, distribuidor, etc. [s.n.],
Fecha de publicación, distribución, etc. 1924 (
Fabricante Impr. de la Universidad)
300 ## - DESCRIPCIÓN FÍSICA
Extensión X, 334 p. ;
Dimensiones 19 cm.
852 ## - LOCALIZACIÓN
Ubicación ES-MaACL
Número de control de estantería G-3415
Holdings
Estatus retirado Estado de pérdida Estado de daño No para préstamo Biblioteca de origen Biblioteca actual Ubicación en estantería Fecha de adquisición Fuente de adquisición Total de préstamos Signatura topográfica completa Código de barras Visto por última vez Precio de reemplazo Tipo de ítem Koha
        Biblioteca del Ateneo de Madrid Biblioteca del Ateneo de Madrid Depósito 2 17/01/2008     G-3415 1119754 23/02/2023 23/02/2023 Libro impreso